Prevention of post-havest food losses: A training manual
Zapisane w:
| Format: | Książka |
|---|---|
| Język: | Undetermined |
| Wydane: |
Rome
FAO
1985
|
| Hasła przedmiotowe: | |
| Etykiety: |
Dodaj etykietę
Nie ma etykietki, Dołącz pierwszą etykiete!
|
| Thư viện lưu trữ: | Trung tâm Học liệu Trường Đại học Cần Thơ |
|---|
| LEADER | 00431nam a2200157Ia 4500 | ||
|---|---|---|---|
| 001 | CTU_13193 | ||
| 008 | 210402s9999 xx 000 0 und d | ||
| 082 | |a 631.56 | ||
| 082 | |b P944 | ||
| 245 | 0 | |a Prevention of post-havest food losses: A training manual | |
| 260 | |a Rome | ||
| 260 | |b FAO | ||
| 260 | |c 1985 | ||
| 650 | |a farm produce - storage | ||
| 904 | |i Minh, 961123 | ||
| 980 | |a Trung tâm Học liệu Trường Đại học Cần Thơ | ||